Guess the Song #1 (The Great Gatsby) - Statistics

General Stats
  • This quiz has been taken 5 times
  • The average score is 171 of 239
Answer Stats
Answer % Correct
A
100%
all
100%
All
100%
Be
100%
Daisy
100%
Do
100%
done
100%
Done
100%
each
100%
Each
100%
Every
100%
for
100%
For
100%
Hands
100%
her
100%
Her
100%
I
100%
If
100%
Is
100%
it
100%
It
100%
My
100%
One
100%
put
100%
Put
100%
Slipped
100%
So
100%
the
100%
The
100%
Through
100%
To
100%
up
100%
Up
100%
wall
100%
Wall
100%
When
100%
You
100%
And
75%
Bring
75%
Can
75%
I’ll
75%
In
75%
It’s
75%
I've
75%
I’ve
75%
Know
75%
Made
75%
Me
75%
No
75%
She
75%
That
75%
Then
75%
At
50%
Bottled
50%
Come
50%
Everything
50%
Far
50%
Forever
50%
Full
50%
Go
50%
Good
50%
Guilt
50%
Have
50%
How
50%
Indebted
50%
More
50%
Options
50%
plans
50%
Price
50%
There
50%
This
50%
Tilt
50%
Understands
50%
Waiting
50%
War
50%
Went
50%
Your
50%
Alone
25%
Am
25%
As
25%
Braved
25%
Caviar
25%
Chance
25%
Debt
25%
Fight
25%
Finest
25%
Foreign
25%
Forgetting
25%
Guarantee
25%
Has
25%
Help
25%
Just
25%
Learn
25%
Let
25%
Lost
25%
Make
25%
Might
25%
Need
25%
Nights
25%
Now
25%
Only
25%
Own
25%
Paid
25%
Party
25%
Return
25%
Rivaled
25%
Shore
25%
Thrown
25%
Time
25%
Try
25%
Turn
25%
Vanderbilt
25%
Weighed
25%
Will
25%
Won’t
25%
Bucked
0%
Changed
0%
Chasing
0%
Dream
0%
Glance
0%
Jane
0%
Piece
0%
Quo
0%
Status
0%
No matching quizzes found
Score Distribution
Percent of People with Each Score
Percentile by Number Answered
Your Score History
You have not taken this quiz